| 000 | 00613nam a2200205 u 4500 | ||
|---|---|---|---|
| 005 | 20210223130957.0 | ||
| 008 | 090402s2000 es r 000 0 spa d | ||
| 020 | _a8446014254 | ||
| 035 | _aUPN01000170223 | ||
| 049 | _aCG | ||
| 050 | 4 |
_aGV1637 _bN4.5 |
|
| 100 | 1 | _aNeumann, Herby | |
| 245 | 1 | 0 |
_aMadalena baila : _bdanzas afro-brasileñas / _cHerby Neumann ; tr. José Anoz. |
| 260 |
_aMadrid : _bAkal, _c2000. |
||
| 300 |
_a101 p. : _bil. + _eun CD-ROM |
||
| 440 | 0 |
_aDidáctica de la música ; _v4 |
|
| 650 | 4 |
_aBAILES FOLKLORICOS - _zBRASIL _919687 |
|
| 650 | 4 |
_aFOLKLORE - _zBRASIL _919686 |
|
| 905 | _aLibro | ||
| 999 |
_c142329 _d142329 |
||